000 01032cam a2200253Ma 4500
001 44256
005 20230410104012.0
008 910412s1971 mx f 000 0 spa d
035 _a(OCoLC)ocm48332716
040 _aEL$
_bspa
_cEL$
_dOCLCQ
035 _a(OCoLC)48332716
084 _a301.243
_bR534c
050 1 4 _aCB 478
_bR498c 1971
100 1 _aRichta, Radovan.
245 1 3 _aLa civilización en la encrucijada :
_bimplicaciones sociales y humanas de la revolución cientificotécnica /
_cRadovan Richta ; [Traducción directa del checo de Fernando de Valenzuela].
260 _aMéxico :
_bSiglo Veintiuno,
_c[1971]
300 _axv, 350 p. ;
_c21 cm.
440 0 _aTeoria y crítica
500 _a"Equipo interdiciplinario para la investigación de las implicaciones sociales y humanas de la revolución cientificotécnica ante el Instituto de Filosofía y Sociología de la Academia Checoslovaca de Ciencias."
650 0 _aTechnology and civilization.
942 _2lcc
_cbk
946 _amjcruz
994 _aC0
_bDRFGD
999 _c30081
_d30081